Serveis educatius : Xarxa de Museus Locals / Xarxa de Museus Locals Xarxa de Museus Locals / Xarxa de Museus Locals
Publicado:
[Barcelona :
Diputació de Barcelona, Àrea de Cultura, Oficina de Patrimoni Cultural ,
2004
Descripción Física:
51 p. ; 15 x 21 cm
MARC
| LEADER | 00000nam a2200000Ia 4500 | ||
|---|---|---|---|
| 001 | 16784 | ||
| 008 | 160829s2004] xx 000 0 cat d | ||
| 080 | |a E-1-235 | ||
| 110 | 1 | |a Barcelona (Catalunya : Província). |b Xarxa de Museus Locals |9 52963 | |
| 245 | |a Serveis educatius : |b Xarxa de Museus Locals / Xarxa de Museus Locals | ||
| 260 | |a [Barcelona : |b Diputació de Barcelona, Àrea de Cultura, Oficina de Patrimoni Cultural, |c 2004] | ||
| 300 | |a 51 p. ; |c 15 x 21 cm | ||
| 590 | |a A la contracoberta: Diputació de Barcelona, Àrea de Cultura, Oficina de Patrimoni Cultural | ||
| 650 | 0 | |a Museus |z Barcelona (Província) |x Directoris |9 33428 | |
| 650 | |a Museus |x Barcelona (Província) |x Activitats culturals |9 20516 | ||
| 710 | 1 | |a Barcelona (Catalunya : Província). |b Oficina de Patrimoni Cultural |9 52675 | |
| 901 | |a Arxiu | ||
| 942 | |n 1 | ||
| 952 | |0 0 |1 0 |4 0 |6 E1235 |7 1 |9 43733 |a Arxiu |b Arxiu |d 2016-12-01 |l 0 |o E-1-235 |p 16784 |r 2016-12-01 00:00:00 |w 2016-12-01 |y ARXIU | ||
| 999 | |c 46281 |d 46281 | ||